| 000 | 00709nam a22002297a 4500 | ||
|---|---|---|---|
| 003 | OSt | ||
| 005 | 20260624120441.0 | ||
| 008 | 260624b |||||||| |||| 00| 0 eng d | ||
| 020 | _a0787955434 | ||
| 040 | _cChuka university Library | ||
| 050 | _aLA 217.2 .B2 2001 | ||
| 100 |
_aBarth S. Roland _931011 |
||
| 245 | _aLearning By Heart | ||
| 260 |
_aSan Francisco _bJossey-Bass _c2001 |
||
| 300 | _aVarious Pagings | ||
| 650 |
_aEducation Aims and objectives United States _930572 |
||
| 650 |
_aEducational change United states _928252 |
||
| 650 |
_aEffective Teaching United States _927675 |
||
| 650 |
_aGroup Work in Education United States _928944 |
||
| 650 |
_aLearning _911399 |
||
| 942 |
_2lcc _cBK _n0 |
||
| 999 |
_c25130 _d25130 |
||